| 000 | 00635nam a2200205Ia 4500 | ||
|---|---|---|---|
| 003 | IN-BaIIA | ||
| 008 | 211028s9999 xx 000 0 eng d | ||
| 020 | _a0-7923-1654-1 | ||
| 040 | _cIIA Library | ||
| 080 |
_a52(082.1) _bASS-176 |
||
| 100 |
_aHodge, Paul _917819 |
||
| 245 | 4 |
_aThe andromeda galaxy _cPaul Hodge |
|
| 260 |
_aDordrecht _bKluwer Academic _c1992 |
||
| 300 | _aix, 358p. | ||
| 490 | _aAstrophysics and Space Science Library; v. 176 | ||
| 650 |
_aAndromeda galaxy _915010 |
||
| 650 | _aAstronomy and Astrophysics Thesaurus | ||
| 650 |
_aGalaxy _93368 |
||
| 942 | _cBK | ||
| 999 |
_c10483 _d10483 |
||